LEADER 01148nam1 2200385 450 001 990002410920203316 005 20050404142021.0 035 $a000241092 035 $aUSA01000241092 035 $a(ALEPH)000241092USA01 035 $a000241092 100 $a20050404d2004----km-y0itaa50------ba 101 0 $aita 102 $aIT 105 $ay---z---001yy 200 1 $aCelti d'Italia$fa cura di Paola Piana Agostinetti 210 $aRoma$cSpazio Tre$d2004 215 $av.$d24 cm 410 0$12001 454 1 $12001 461 1$1001------$12001 463 \1$1001990002410930203316$12001 $a<> Archeologia, lingua e scrittura dei Celti d'Italia 463 \1$1001990002426820203316$12001 $a<> Epigrafia e lingua dei Celti d'Italia 606 0 $aCelti$yItalia 607 $aItalia antica$xStoria$xOrigini$zsec. 2. 676 $a937.01 700 1$aPIANA AGOSTINETTI,$bPaola$0184969 801 0$aIT$bsalbc$gISBD 912 $a990002410920203316 951 $aX B 693/$cX B 959 $aBK 969 $aUMA 979 $aFIORELLA$b90$c20050404$lUSA01$h1420 996 $aCelti d'Italia$91066334 997 $aUNISA LEADER 01986nam 2200577 450 001 9910480775803321 005 20170821162936.0 010 $a1-4704-2275-1 035 $a(CKB)4210000000000205 035 $a(SSID)ssj0001464815 035 $a(PQKBManifestationID)12644219 035 $a(PQKBTitleCode)TC0001464815 035 $a(PQKBWorkID)11460086 035 $a(PQKB)11556827 035 $a(MiAaPQ)EBC4832004 035 $a(PPN)197102794 035 $a(EXLCZ)994210000000000205 100 $a20170411h20152015 uy 0 101 0 $aeng 135 $aurcnu|||||||| 181 $ctxt 182 $cc 183 $acr 200 00$aInfinite products of operators and their applications $ea research workshop of the Israel Science Foundation : May 21-24, 2012, Haifa, Israel : Israel mathematical conference proceedings /$fSimeon Reich, Alexander J. Zaslavski, editors 210 1$aProvidence, Rhode Island :$cAmerican Mathematical Society,$d2015. 210 4$dİ2015 215 $a1 online resource (269 pages) $cillustrations 225 1 $aContemporary Mathematics ;$v636 300 $aBibliographic Level Mode of Issuance: Monograph 311 $a1-4704-1480-5 320 $aIncludes bibliographical references at the end of each chapters. 410 0$aContemporary mathematics (American Mathematical Society) ;$v636. 606 $aOperator theory$vCongresses 606 $aOperator spaces$vCongresses 606 $aErgodic theory$vCongresses 606 $aMathematics$vCongresses 608 $aElectronic books. 615 0$aOperator theory 615 0$aOperator spaces 615 0$aErgodic theory 615 0$aMathematics 676 $a515/.724 702 $aReich$b Simeon 702 $aZaslavski$b Alexander J. 801 0$bMiAaPQ 801 1$bMiAaPQ 801 2$bMiAaPQ 906 $aBOOK 912 $a9910480775803321 996 $aInfinite products of operators and their applications$92058234 997 $aUNINA LEADER 01972oam 2200445 a 450 001 9910698833403321 005 20090526135540.0 035 $a(CKB)5470000002397533 035 $a(OCoLC)317073636 035 $a(EXLCZ)995470000002397533 100 $a20090325d2009 ua 0 101 0 $aeng 135 $aurmn||||||||| 181 $ctxt$2rdacontent 182 $cc$2rdamedia 183 $acr$2rdacarrier 200 10$aDisaster recovery$b[electronic resource] $epast experiences offer recovery lessons for Hurricanes Ike and Gustav and future disasters : testimony before the Subcommittee on Emergency Communications, Preparedness, and Response, Committee on Homeland Security, House of Representatives /$fstatement of Stanley J. Czerwinski 210 1$a[Washington, D.C.] :$cU.S. Govt. Accountability Office,$d[2009] 215 $a11 pages $cdigital, PDF file 225 1 $aTestimony ;$vGAO-09-437T 300 $aTitle from title screen (viewed on Mar. 25, 2009). 300 $a"For release ... March 3, 2009." 320 $aIncludes bibliographical references. 330 $aThis testimony describes lessons and insights that GAO has identified from review of past disasters, which may be useful to inform recovery efforts in the wake of Hurricanes Ike and Gustav, as well as disasters yet to come. 517 $aDisaster recovery 606 $aDisaster relief$zUnited States 606 $aEmergency management$zUnited States 615 0$aDisaster relief 615 0$aEmergency management 700 $aCzerwinski$b Stanley J$01381439 712 02$aUnited States.$bCongress.$bHouse.$bCommittee on Homeland Security.$bSubcommittee on Emergency Communications, Preparedness and Response. 712 02$aUnited States.$bGovernment Accountability Office. 801 0$bAWC 801 1$bAWC 801 2$bESR 801 2$bGPO 906 $aBOOK 912 $a9910698833403321 996 $aDisaster recovery$93438710 997 $aUNINA